<?xml version="1.0" encoding="UTF-8"?>
<record
    xmlns:xsi="http://www.w3.org/2001/XMLSchema-instance"
    xsi:schemaLocation="http://www.loc.gov/MARC21/slim http://www.loc.gov/standards/marcxml/schema/MARC21slim.xsd"
    xmlns="http://www.loc.gov/MARC21/slim">

  <leader>01531nam1a22002891i 4500</leader>
  <controlfield tag="001">v19\rc\1621333</controlfield>
  <controlfield tag="005">20260407004748.0</controlfield>
  <datafield tag="035" ind1=" " ind2=" ">
    <subfield code="a">(NLR Aleph) 004738770</subfield>
  </datafield>
  <datafield tag="090" ind1=" " ind2=" ">
    <subfield code="a">4483053</subfield>
    <subfield code="c">4483053</subfield>
  </datafield>
  <datafield tag="100" ind1=" " ind2=" ">
    <subfield code="a">20061002d18981909|||y0rusy50      ca</subfield>
  </datafield>
  <datafield tag="101" ind1="0" ind2=" ">
    <subfield code="a">rus</subfield>
  </datafield>
  <datafield tag="102" ind1=" " ind2=" ">
    <subfield code="a">RU</subfield>
  </datafield>
  <datafield tag="105" ind1=" " ind2=" ">
    <subfield code="a">y   z   |||||</subfield>
  </datafield>
  <datafield tag="200" ind1="1" ind2=" ">
    <subfield code="a">&#x421;&#x43C;&#x435;&#x442;&#x430; &#x440;&#x430;&#x441;&#x445;&#x43E;&#x434;&#x43E;&#x432; [&#x438; &#x434;&#x43E;&#x445;&#x43E;&#x434;&#x43E;&#x432;] &#x443;&#x435;&#x437;&#x434;&#x43D;&#x44B;&#x445; &#x437;&#x435;&#x43C;&#x441;&#x43A;&#x438;&#x445; &#x43F;&#x43E;&#x442;&#x440;&#x435;&#x431;&#x43D;&#x43E;&#x441;&#x442;&#x435;&#x439; &#x43F;&#x43E; &#x420;&#x43E;&#x43C;&#x435;&#x43D;&#x441;&#x43A;&#x43E;&#x43C;&#x443; &#x443;&#x435;&#x437;&#x434;&#x443;...</subfield>
  </datafield>
  <datafield tag="210" ind1=" " ind2=" ">
    <subfield code="a">[&#x420;&#x43E;&#x43C;&#x43D;&#x44B;]</subfield>
    <subfield code="d">[1898]-[1909]</subfield>
  </datafield>
  <datafield tag="215" ind1=" " ind2=" ">
    <subfield code="d">25</subfield>
  </datafield>
  <datafield tag="300" ind1=" " ind2=" ">
    <subfield code="a">&#x417;&#x430;&#x433;&#x43B;. &#x441;&#x43C;&#x435;&#x442; &#x43D;&#x430; 1898 &#x433;.: &#x421;&#x43C;&#x435;&#x442;&#x44B; &#x434;&#x43E;&#x445;&#x43E;&#x434;&#x43E;&#x432; &#x438; &#x440;&#x430;&#x441;&#x445;&#x43E;&#x434;&#x43E;&#x432; &#x420;&#x43E;&#x43C;&#x435;&#x43D;&#x441;&#x43A;&#x43E;&#x439; &#x443;&#x435;&#x437;&#x434;&#x43D;&#x43E;&#x439; &#x437;&#x435;&#x43C;&#x441;&#x43A;&#x43E;&#x439; &#x443;&#x43F;&#x440;&#x430;&#x432;&#x44B;; &#x43D;&#x430; 1909 &#x433;.: &#x421;&#x43C;&#x435;&#x442;&#x430; &#x440;&#x430;&#x441;&#x445;&#x43E;&#x434;&#x43E;&#x432; &#x443;&#x435;&#x437;&#x434;&#x43D;&#x44B;&#x445; &#x437;&#x435;&#x43C;&#x441;&#x43A;&#x438;&#x445; &#x43F;&#x43E;&#x442;&#x440;&#x435;&#x431;&#x43D;&#x43E;&#x441;&#x442;&#x435;&#x439; &#x43F;&#x43E; &#x420;&#x43E;&#x43C;&#x435;&#x43D;&#x441;&#x43A;&#x43E;&#x43C;&#x443; &#x443;&#x435;&#x437;&#x434;&#x443;</subfield>
  </datafield>
  <datafield tag="517" ind1="0" ind2=" ">
    <subfield code="a">&#x421;&#x43C;&#x435;&#x442;&#x44B; &#x434;&#x43E;&#x445;&#x43E;&#x434;&#x43E;&#x432; &#x438; &#x440;&#x430;&#x441;&#x445;&#x43E;&#x434;&#x43E;&#x432; &#x420;&#x43E;&#x43C;&#x435;&#x43D;&#x441;&#x43A;&#x43E;&#x439; &#x443;&#x435;&#x437;&#x434;&#x43D;&#x43E;&#x439; &#x437;&#x435;&#x43C;&#x441;&#x43A;&#x43E;&#x439; &#x443;&#x43F;&#x440;&#x430;&#x432;&#x44B;</subfield>
  </datafield>
  <datafield tag="517" ind1="0" ind2=" ">
    <subfield code="a">&#x421;&#x43C;&#x435;&#x442;&#x430; &#x440;&#x430;&#x441;&#x445;&#x43E;&#x434;&#x43E;&#x432; &#x443;&#x435;&#x437;&#x434;&#x43D;&#x44B;&#x445; &#x437;&#x435;&#x43C;&#x441;&#x43A;&#x438;&#x445; &#x43F;&#x43E;&#x442;&#x440;&#x435;&#x431;&#x43D;&#x43E;&#x441;&#x442;&#x435;&#x439; &#x43F;&#x43E; &#x420;&#x43E;&#x43C;&#x435;&#x43D;&#x441;&#x43A;&#x43E;&#x43C;&#x443; &#x443;&#x435;&#x437;&#x434;&#x443;</subfield>
  </datafield>
  <datafield tag="532" ind1="1" ind2="3">
    <subfield code="a">&#x421;&#x43C;&#x435;&#x442;&#x430; &#x440;&#x430;&#x441;&#x445;&#x43E;&#x434;&#x43E;&#x432; &#x438; &#x434;&#x43E;&#x445;&#x43E;&#x434;&#x43E;&#x432; &#x443;&#x435;&#x437;&#x434;&#x43D;&#x44B;&#x445; &#x437;&#x435;&#x43C;&#x441;&#x43A;&#x438;&#x445; &#x43F;&#x43E;&#x442;&#x440;&#x435;&#x431;&#x43D;&#x43E;&#x441;&#x442;&#x435;&#x439; &#x43F;&#x43E; &#x420;&#x43E;&#x43C;&#x435;&#x43D;&#x441;&#x43A;&#x43E;&#x43C;&#x443; &#x443;&#x435;&#x437;&#x434;&#x443;...</subfield>
  </datafield>
  <datafield tag="710" ind1="0" ind2="2">
    <subfield code="a">&#x420;&#x43E;&#x43C;&#x435;&#x43D;&#x441;&#x43A;&#x430;&#x44F; &#x443;&#x435;&#x437;&#x434;&#x43D;&#x430;&#x44F; &#x437;&#x435;&#x43C;&#x441;&#x43A;&#x430;&#x44F; &#x443;&#x43F;&#x440;&#x430;&#x432;&#x430;</subfield>
    <subfield code="3">RU\NLR\AUTH\889995696</subfield>
    <subfield code="9">488378</subfield>
  </datafield>
  <datafield tag="801" ind1=" " ind2="0">
    <subfield code="a">RU</subfield>
    <subfield code="b">NLR</subfield>
    <subfield code="g">psbo</subfield>
  </datafield>
  <datafield tag="801" ind1=" " ind2="0">
    <subfield code="a">RU</subfield>
    <subfield code="b">RuMoRGB</subfield>
    <subfield code="2">psbo</subfield>
  </datafield>
  <datafield tag="801" ind1=" " ind2="1">
    <subfield code="a">RU</subfield>
    <subfield code="b">ProSoft-M</subfield>
    <subfield code="2">rusmarc</subfield>
  </datafield>
  <datafield tag="852" ind1=" " ind2=" ">
    <subfield code="a">NLR</subfield>
    <subfield code="b">&#x417;&#x435;&#x43C;</subfield>
    <subfield code="j">31-14/&#x421;1</subfield>
  </datafield>
  <datafield tag="899" ind1=" " ind2=" ">
    <subfield code="a">RuMoRGB (1898-1905*)</subfield>
    <subfield code="j">V 295/123</subfield>
  </datafield>
  <datafield tag="942" ind1=" " ind2=" ">
    <subfield code="c">BOOK</subfield>
  </datafield>
</record>
